[Event "Titled Tuesday intern op 19th Oct"]
[Site "Chess.com INT"]
[Date "2021.10.19"]
[Round "1"]
[White "Dejmek, Mark W"]
[Black "Williams, Simon Kim"]
[Result "0-1"]
[WhiteElo "2018"]
[BlackElo "2464"]
[PlyCount "92"]
[EventDate "2021.10.19"]
[EventType "swiss (blitz)"]
[EventRounds "11"]
[EventCountry "USA"]
[SourceTitle "CBM 204 Extra"]
[Source "ChessBase"]
[SourceDate "2021.11.30"]
[SourceVersion "1"]
[SourceVersionDate "2021.11.30"]
[SourceQuality "1"]

1. Nf3 f5 2. d3 Nc6 3. d4 e6 4. c4 Nf6 5. g3 Bb4+ 6. Bd2 Bxd2+ 7. Nbxd2 d6 8. Bg2 0-0 9. 0-0 e5 10. d5 Nb8 11. e4 f4 12. c5 Na6 13. cxd6 cxd6 14. Rc1 Bd7 15. Re1 Nc5 16. Bf1 a5 17. Qc2 fxg3 18. fxg3 Rc8 19. Qd1 b5 20. Qe2 Qb6 21. Kh1 Ng4 22. h3 Nd3 23. hxg4 Nxc1 24. Qg2 Nxa2 25. Ng5 Qd8 26. Ne6 Bxe6 27. dxe6 Rc5 28. Nf3 Qe7 29. g5 Qxe6 30. Be2 Nb4 31. Nh4 Rc2 32. Nf5 g6 33. Ne3 Rxb2 34. Ng4 Kg7 35. Nf6 Rxf6 36. gxf6+ Qxf6 37. Rf1 Qe7 38. Rf2 Nc6 39. Qf1 Nd4 40. Bg4 Rxf2 41. Qxf2 a4 42. Qb2 h5 43. Bd1 Qf6 44. Qb4 Qf1+ 45. Kh2 Qxd1 46. Qxd6 Qe2+ 0-1

[Event "Titled Tuesday intern op 19th Oct"]
[Site "Chess.com INT"]
[Date "2021.10.19"]
[Round "9"]
[White "Fabris, Alberto"]
[Black "Dejmek, Mark W"]
[Result "1/2-1/2"]
[WhiteElo "2230"]
[BlackElo "2018"]
[PlyCount "123"]
[EventDate "2021.10.19"]
[EventType "swiss (blitz)"]
[EventRounds "11"]
[EventCountry "USA"]
[SourceTitle "CBM 204 Extra"]
[Source "ChessBase"]
[SourceDate "2021.11.30"]
[SourceVersion "1"]
[SourceVersionDate "2021.11.30"]
[SourceQuality "1"]

1. e4 e5 2. Nf3 Nc6 3. Bb5 a6 4. Ba4 Nf6 5. 0-0 Be7 6. Re1 b5 7. Bb3 d6 8. c3 0-0 9. h3 Nd7 10. d4 Nb6 11. Nbd2 exd4 12. cxd4 Nb4 13. Nf1 c5 14. a3 Nc6 15. Ne3 cxd4 16. Nxd4 Nxd4 17. Qxd4 Bf6 18. Qd3 Re8 19. Nd5 Nxd5 20. Bxd5 Rb8 21. Rb1 Be6 22. Bd2 Bxd5 23. Qxd5 Re5 24. Qd3 Qe7 25. Bf4 Re6 26. b3 Re8 27. f3 Be5 28. Bxe5 dxe5 29. b4 Rd8 30. Qe3 Red6 31. Qc5 R8d7 32. Rbc1 f6 33. Qc8+ Qd8 34. Qxd8+ Rxd8 35. Rc7 R8d7 36. Rec1 Rxc7 37. Rxc7 Rd3 38. Rc8+ Kf7 39. Rc7+ Kg6 40. Rc6 Rxa3 41. Kh2 Ra4 42. Kg3 Rxb4 43. Rxa6 Rb2 44. Rb6 h5 45. h4 b4 46. Rb7 b3 47. Kh3 Kh6 48. Kg3 Rb1 49. Kh2 g5 50. Rb6 Kg6 51. hxg5 Kxg5 52. Rb7 h4 53. Rg7+ Kf4 54. Rb7 b2 55. Rb6 f5 56. exf5 Kxf5 57. Rb4 Kg5 58. Rb7 Kf4 59. Rb5 Kf5 60. Rb4 Kg5 61. Rb5 Kf5 62. Rb4 1/2-1/2

[Event "Titled Tuesday intern op 19th Oct"]
[Site "Chess.com INT"]
[Date "2021.10.19"]
[Round "4"]
[White "Plotnikov, Pavel"]
[Black "Dejmek, Mark W"]
[Result "1-0"]
[WhiteElo "2297"]
[BlackElo "2018"]
[PlyCount "65"]
[EventDate "2021.10.19"]
[EventType "swiss (blitz)"]
[EventRounds "11"]
[EventCountry "USA"]
[SourceTitle "CBM 204 Extra"]
[Source "ChessBase"]
[SourceDate "2021.11.30"]
[SourceVersion "1"]
[SourceVersionDate "2021.11.30"]
[SourceQuality "1"]

1. e4 e5 2. Nf3 Nc6 3. Bc4 Bc5 4. 0-0 d6 5. d3 h6 6. c3 Nf6 7. Bb3 a6 8. Nbd2 Ba7 9. Re1 0-0 10. Nf1 Ne7 11. Ng3 Ng6 12. Bc2 c6 13. h3 Re8 14. d4 Qe7 15. Nf5 Qc7 16. Be3 Bxf5 17. exf5 Nf4 18. Bxf4 exf4 19. Qd2 d5 20. Ne5 c5 21. Bb3 Ne4 22. Qxf4 c4 23. Bxc4 dxc4 24. Rxe4 f6 25. Ng6 Qxf4 26. Rxf4 Re2 27. Rb1 Rae8 28. Kf1 Rc2 29. Rf3 Ree2 30. Re3 Rxf2+ 31. Ke1 Rxg2 32. Re8+ Kf7 33. Rf8# 1-0

[Event "Titled Tuesday intern op 14th Sept"]
[Site "Chess.com INT"]
[Date "2021.09.14"]
[Round "9"]
[White "Dejmek, Mark W"]
[Black "Djokic, Mihailo"]
[Result "1-0"]
[WhiteElo "2018"]
[BlackElo "2213"]
[PlyCount "77"]
[EventDate "2021.09.14"]
[EventType "swiss (blitz)"]
[EventRounds "11"]
[EventCountry "USA"]
[SourceTitle "EXT 2022"]
[Source "ChessBase"]
[SourceDate "2021.10.06"]
[SourceVersion "1"]
[SourceVersionDate "2021.10.06"]
[SourceQuality "1"]

1. Nf3 Nf6 2. g3 g6 3. d4 Bg7 4. Bg2 0-0 5. 0-0 d6 6. a4 Nc6 7. a5 a6 8. Nc3 e5 9. dxe5 dxe5 10. e4 Bg4 11. h3 Bxf3 12. Bxf3 Nd4 13. Bg2 Qd6 14. Ne2 Nxe2+ 15. Qxe2 Rfd8 16. Be3 Qb4 17. c3 Qb3 18. Ra3 Qe6 19. Rd1 Rxd1+ 20. Qxd1 Qc4 21. Qf1 Qc6 22. Qd3 Bf8 23. b4 Qd6 24. Qxd6 cxd6 25. Bg5 Ne8 26. c4 Rc8 27. Bf1 f6 28. Be3 Kf7 29. Rb3 Nc7 30. b5 axb5 31. cxb5 Ra8 32. Bb6 Ne6 33. a6 bxa6 34. bxa6 Ng5 35. Be3 Nf3+ 36. Kg2 Nd4 37. Rb7+ Kg8 38. Bc4+ Kh8 39. a7 1-0

[Event "Titled Tuesday intern op 14th Sept"]
[Site "Chess.com INT"]
[Date "2021.09.14"]
[Round "2"]
[White "Sadovsky, Artem"]
[Black "Dejmek, Mark W"]
[Result "1-0"]
[WhiteElo "2316"]
[BlackElo "2018"]
[PlyCount "33"]
[EventDate "2021.09.14"]
[EventType "swiss (blitz)"]
[EventRounds "11"]
[EventCountry "USA"]
[SourceTitle "EXT 2022"]
[Source "ChessBase"]
[SourceDate "2021.10.06"]
[SourceVersion "1"]
[SourceVersionDate "2021.10.06"]
[SourceQuality "1"]

1. Nf3 g6 2. g3 Bg7 3. Bg2 c5 4. 0-0 Nh6 5. d4 cxd4 6. Nxd4 0-0 7. e4 d6 8. h3 f5 9. Nc3 fxe4 10. Nxe4 Nf5 11. Nxf5 Bxf5 12. Qd5+ Kh8 13. Qxb7 Nd7 14. Ng5 Rb8 15. Qxa7 Bxb2 16. Bxb2+ Rxb2 17. Qd4+ 1-0

[Event "Titled Tuesday intern op 17th Aug"]
[Site "Chess.com INT"]
[Date "2021.08.17"]
[Round "8"]
[White "Dejmek, Mark W"]
[Black "Berezin, Viktor"]
[Result "1-0"]
[WhiteElo "2018"]
[BlackElo "1890"]
[PlyCount "39"]
[EventDate "2021.08.17"]
[EventType "swiss (blitz)"]
[EventRounds "11"]
[EventCountry "USA"]
[SourceTitle "EXT 2022"]
[Source "ChessBase"]
[SourceDate "2021.10.06"]
[SourceVersion "1"]
[SourceVersionDate "2021.10.06"]
[SourceQuality "1"]

1. e4 e5 2. Nc3 Nf6 3. g3 d5 4. exd5 Nxd5 5. Bg2 c6 6. Nge2 Be7 7. 0-0 0-0 8. Nxd5 cxd5 9. d4 exd4 10. Nxd4 Nc6 11. Be3 Bf6 12. Qd2 Re8 13. Rad1 Bg4 14. Rc1 Ne5 15. b3 Rc8 16. h3 Be6 17. f4 Nc6 18. f5 Bxd4 19. Bxd4 Nxd4 20. Qxd4 1-0

[Event "Titled Tuesday intern op 17th Aug"]
[Site "Chess.com INT"]
[Date "2021.08.17"]
[Round "10"]
[White "Dejmek, Mark W"]
[Black "Sliwicki, Damian"]
[Result "0-1"]
[WhiteElo "2018"]
[BlackElo "2168"]
[PlyCount "78"]
[EventDate "2021.08.17"]
[EventType "swiss (blitz)"]
[EventRounds "11"]
[EventCountry "USA"]
[SourceTitle "EXT 2022"]
[Source "ChessBase"]
[SourceDate "2021.10.06"]
[SourceVersion "1"]
[SourceVersionDate "2021.10.06"]
[SourceQuality "1"]

1. Nf3 e6 2. g3 h5 3. h4 Nf6 4. d3 d5 5. Bg2 Nc6 6. b3 Bb4+ 7. c3 Bd6 8. Nbd2 Qe7 9. c4 Bd7 10. Bb2 e5 11. cxd5 Nxd5 12. a3 0-0-0 13. Nc4 Bc5 14. Nfxe5 Nxe5 15. Nxe5 Be6 16. Qc2 Bb6 17. Nc4 Kb8 18. 0-0 g5 19. Bxh8 Rxh8 20. Nxb6 Nxb6 21. Qc3 Rg8 22. hxg5 Qxg5 23. Rac1 c6 24. Qd4 Ka8 25. a4 Nd5 26. a5 h4 27. a6 hxg3 28. axb7+ Kxb7 29. fxg3 Qxg3 30. Qf2 Qg5 31. e4 Nf4 32. Rc2 Nh3+ 33. Kh2 Nxf2 34. Rfxf2 Rh8+ 35. Kg1 Bh3 36. e5 Bxg2 37. Rxg2 Qe3+ 38. Kf1 Rh1+ 39. Rg1 Rxg1# 0-1

[Event "Titled Tuesday intern op 17th Aug"]
[Site "Chess.com INT"]
[Date "2021.08.17"]
[Round "4"]
[White "Dejmek, Mark W"]
[Black "Yonal, Timur"]
[Result "1-0"]
[WhiteElo "2018"]
[BlackElo "1837"]
[PlyCount "53"]
[EventDate "2021.08.17"]
[EventType "swiss (blitz)"]
[EventRounds "11"]
[EventCountry "USA"]
[SourceTitle "EXT 2022"]
[Source "ChessBase"]
[SourceDate "2021.10.06"]
[SourceVersion "1"]
[SourceVersionDate "2021.10.06"]
[SourceQuality "1"]

1. e4 c5 2. Be2 e6 3. f4 d5 4. d3 Nc6 5. Nf3 Nf6 6. e5 Ng4 7. h3 Nh6 8. g4 Be7 9. 0-0 b5 10. d4 Qc7 11. Bxb5 Bd7 12. c3 Qb6 13. Bxc6 Bxc6 14. Na3 a5 15. Qe2 cxd4 16. Nxd4 Bxa3 17. bxa3 Bb7 18. Qf2 Ba6 19. Re1 Rc8 20. Be3 Qc7 21. Rac1 Bc4 22. f5 Qe7 23. f6 Qf8 24. a4 Ng8 25. Nb5 Rc6 26. Nd6+ Kd7 27. Bf4 1-0